Maria Girona : obra recent : del 22 d'abril al 10 de maig ... sala 11 ... obra recent :
Descripción Física:
24 p. : il. col. ; 30 cm
Materias:
Girona, Maria -- Exposicions
MARC
| LEADER | 00000nam a2200000Ia 4500 | ||
|---|---|---|---|
| 001 | 16366 | ||
| 008 | 160829s9999 xx 000 0 cat d | ||
| 080 | |a FU-42-10 | ||
| 245 | |a Maria Girona : |b obra recent : |b del 22 d'abril al 10 de maig ... sala 11 ... | ||
| 260 | |a Prat de Llobregat : |b l'Ajuntament, DL 1992 | ||
| 300 | |a 24 p. : |b il. col. ; |c 30 cm | ||
| 650 | |a Girona, Maria |x Exposicions |9 28509 | ||
| 710 | |a Prat de Llobregat (Catalunya). |b Ajuntament |9 53104 | ||
| 901 | |a Arxiu | ||
| 942 | |n 1 | ||
| 952 | |0 0 |1 0 |4 0 |6 FU4210 |7 1 |9 44842 |a Arxiu |b Arxiu |d 2016-12-01 |l 0 |o FU-42-10 |p 16366 |r 2016-12-01 00:00:00 |w 2016-12-01 |y ARXIU | ||
| 999 | |c 47440 |d 47440 | ||